Catalog

Record Details

Catalog Search



Locke & key. volume two  Cover Image Book Book

Locke & key. volume two / Joe Hill & Gabriel Rodr©Øiguez, storytellers ; Jay Fotos, colors ; Robbie Robbins, lettering.

Hill, Joe, (author.). Rodr©Øiguez, Gabriel, 1974- (artist.). Fotos, Jay, (colorist.).

Summary:

Crown of shadows: Sam Lesser may be dead and gone, but Dodge still has uses for him, and in the first chill days of October, will make contact with him again. The dead know things the living may not, and Sam's restless spirit has had time to discover the thing Dodge wants to know most of all... where to find the key to the black door.
Keys to the kingdom: The Locke children have grown accustomed to the myriad magical keys discovered within the ancestral family home of Keyhouse. They have also become accustomed to tragedy. What they may not be prepared for is just how closely danger stalks their every move as Lucas Caravaggio, alias Zack Wells, continues his relentless quest for the key to the black door. New keys and old specters join the story as innocence is lost and determination is forged in this collection.

Record details

  • ISBN: 9781631403743
  • ISBN: 1631403745
  • Physical Description: 1 volume (unpaged) : chiefly illustrations (chiefly color), maps ; 29 cm
  • Edition: Master edition.
  • Publisher: San Diego, CA : IDW Publishing, a division of Idea and Design Works, LLC, 2016.

Content descriptions

General Note:
Map on lining papers.
Originally published as Locke & Key: Crown of Shadows issue #1-6 and Locke & Key: Keys to the KIngdom issues #1-6"--Title page verso.
Formatted Contents Note:
Book three: Crown of shadows -- Book four: Keys to the kingdom.
Subject: Haunted houses > Massachusetts > Comic books, strips, etc.
Mansions > Massachusetts > Comic books, strips, etc.
Doorways > Comic books, strips, etc.
Murderers > Comic books, strips, etc.
Supernatural > Comic books, strips, etc.
Demonology > Comic books, strips, etc.
Suspense comic books, strips, etc.
Massachusetts > Comic books, strips, etc.
Genre: Horror comics.
Graphic novels.

Available copies

  • 1 of 1 copy available at scottsboropl.

Holds

  • 0 current holds with 1 total copy.
Show Only Available Copies
Location Call Number / Copy Notes Barcode Shelving Location Status Due Date
scottsboropl GN Hil 32269001153546 Adult - Graphic Novel Available -

LDR 02862nam a2200493Ii 4500
001154221
003CONS
00520200602071057.0
008150920t20162016cauab 6 000 f eng d
020 . ‡a9781631403743 ‡q(hardback)
020 . ‡a1631403745 ‡q(hardback)
035 . ‡a(CPomAG)LMN617999
043 . ‡an-us-ma
08204. ‡a741.5973 ‡223
1001 . ‡aHill, Joe, ‡eauthor.
24510. ‡aLocke & key. ‡nvolume two / ‡cJoe Hill & Gabriel Rodr©Øiguez, storytellers ; Jay Fotos, colors ; Robbie Robbins, lettering.
2463 . ‡aLocke and key. ‡nvol. two
250 . ‡aMaster edition.
264 1. ‡aSan Diego, CA : ‡bIDW Publishing, a division of Idea and Design Works, LLC, ‡c2016.
300 . ‡a1 volume (unpaged) : ‡bchiefly illustrations (chiefly color), maps ; ‡c29 cm
336 . ‡atext ‡btxt ‡2rdacontent
336 . ‡astill image ‡bsti ‡2rdacontent
337 . ‡aunmediated ‡bn ‡2rdamedia
338 . ‡avolume ‡bnc ‡2rdacarrier
500 . ‡aMap on lining papers.
500 . ‡aOriginally published as Locke & Key: Crown of Shadows issue #1-6 and Locke & Key: Keys to the KIngdom issues #1-6"--Title page verso.
5050 . ‡aBook three: Crown of shadows -- Book four: Keys to the kingdom.
520 . ‡aCrown of shadows: Sam Lesser may be dead and gone, but Dodge still has uses for him, and in the first chill days of October, will make contact with him again. The dead know things the living may not, and Sam's restless spirit has had time to discover the thing Dodge wants to know most of all... where to find the key to the black door.
520 . ‡aKeys to the kingdom: The Locke children have grown accustomed to the myriad magical keys discovered within the ancestral family home of Keyhouse. They have also become accustomed to tragedy. What they may not be prepared for is just how closely danger stalks their every move as Lucas Caravaggio, alias Zack Wells, continues his relentless quest for the key to the black door. New keys and old specters join the story as innocence is lost and determination is forged in this collection.
650 0. ‡aHaunted houses ‡zMassachusetts ‡vComic books, strips, etc.
650 0. ‡aMansions ‡zMassachusetts ‡vComic books, strips, etc.
650 0. ‡aDoorways ‡vComic books, strips, etc.
650 0. ‡aMurderers ‡vComic books, strips, etc.
650 0. ‡aSupernatural ‡vComic books, strips, etc.
650 0. ‡aDemonology ‡vComic books, strips, etc.
650 0. ‡aSuspense comic books, strips, etc.
651 0. ‡aMassachusetts ‡vComic books, strips, etc.
655 7. ‡aHorror comics. ‡2lcgft
655 7. ‡aGraphic novels. ‡2lcgft
7001 . ‡aRodr©Øiguez, Gabriel, ‡d1974- ‡eartist.
7001 . ‡aFotos, Jay, ‡ecolorist.
914 . ‡aSCP_LP
959 . ‡i32269001153546 ‡lGN Hil ‡aAdult - Graphic Novel ‡tHardback ‡g50.00
852 . ‡p32269001153546 ‡jGN Hil ‡gAdult - Graphic Novel ‡cHardback ‡y50.00 ‡bSBPL
901 . ‡a154221 ‡bUnknown ‡c154221 ‡tbiblio

Additional Resources